| 000 | 00353nam a2200109Ia 4500 | ||
|---|---|---|---|
| 008 | 220203s9999 xx 000 0 und d | ||
| 041 | _aMalayalam | ||
| 245 | 0 | _aRubber Plantation Development Scheme and Scientific Rubber Cultivation | |
| 260 |
_bRubber Research Institute of India _aKottayam _c1984 |
||
| 650 | _aRubber Plantation Development | ||
| 942 | _cPN | ||
| 999 |
_c45189 _d45189 |
||